| 000 | 00819cam a2200253 i 4500 | ||
|---|---|---|---|
| 001 | 200461944 | ||
| 003 | TR-AnTOB | ||
| 005 | 20240722094342.0 | ||
| 007 | TA | ||
| 008 | 100528s1966 tu 000 0 tur | ||
| 040 |
_aTR-AnTOB _beng _erda _cİGÜ _dTR-AnTOB |
||
| 041 | 0 |
_atur _aeng |
|
| 050 | 1 |
_aPE1128 .A2 _bR47 1966 |
|
| 090 |
_aPE1128 .A2 _bR47 1966 |
||
| 245 | 0 | 0 |
_aResimlerle kendi kendine İngilizce / _b[hazırlayanlar A. Erim, O. Alplaçin, N. Rahmi Onaran]. |
| 264 | 1 |
_aİstanbul : _bİnternational Office, _c1966. |
|
| 300 |
_a164 pages : _billustrations ; _c24 cm |
||
| 336 |
_atext _btxt _2rdacontent |
||
| 337 |
_aunmediated _bn _2rdamedia |
||
| 338 |
_avolume _bnc _2rdacarrier |
||
| 650 | 7 |
_aİngiliz dili _xÇalışma ve öğretim _2etuturkob _917226 |
|
| 942 |
_2lcc _cBK |
||
| 999 |
_c200461944 _d80156 |
||